Biermarken - Stadtquiz - Statistiken

Allgemein
  • Dieses Quiz wurde 520 mal gespielt
  • Das Durchschnittsergebnis liegt bei 7 aus 20
Antwortstatistiken
Biermarke Stadt % Korrekt
Astra Hamburg
88%
Löwenbräu München
83%
Beck's Bremen
78%
Früh Köln
69%
Radeberger Dresden
58%
Brinkhoffs Dortmund
47%
König Pilsener Duisburg
34%
Moritz Fiege Bochum
30%
Sternburg Leipzig
29%
Schultheiss Berlin
28%
Stauder Essen
25%
Herrenhäuser Hannover
24%
Dinkelacker Stuttgart
20%
Füchschen Düsseldorf
18%
Wolters Braunschweig
17%
Maisel's Weisse Bayreuth
14%
Schöfferhofer Frankfurt
14%
Hasen-Bräu Augsburg
12%
Pinkus Münster
12%
Wicküler Wuppertal
8%
Keine übereinstimmenden Quizze gefunden
Verteilung der Resultate
Anzahl Personen mit jedem Resultat
Perzentil nach korrekt beantworteten Fragen
Ihre Resultats-Entwicklung
Sie haben dieses Quiz noch nicht gespielt